000 00240nam a2200097Ia 4500
001 1229353
005 20250827093059.0
008 250824s9999 xx 000 0 und d
245 0 _aUÇUŞ 2
_cANGIE SAGE
260 _bALTIN KİTAPLAR YAYINLARI
999 _c1229353
_d1229353